zpět

Detail výsledku týmu

Restaurace Ostrov, Písek

Datum a čas kvízu

26.5 Celkem bodů Celkový počet nahraných bodů na tomto kvízu bez doplňovacích otázek.
6. Pořadí na kvízu Konečné umístění týmu na tomto kvízu.

Zaznamenané odpovědi

# Otázka Odpověď Body Výsledky
1. Jak se jmenuje politik, který... Marian Jurečka 0
2. Saúdskoarabský korunní princ M... Jeff Bezos 0
3. 71letý zpěvák Ozzy Osbourne oz... Parkinsonova choroba 0
4. Aféra s předraženou zakázkou n... hackathon 0
5. Jak se jmenuje český krasobrus... Michal Březina 0
6. Jelikož se o ostrovech zmiňuje... D 1
7. Nyní se podíváme na souostroví... Země Františka Josefa 1
8. Za jistou formu "ostrova" se d... B C 1
9. Ostrovid je druhové jméno jist... rys 1
10. Jak se jmenoval německý patolo... Paul Langerhans 1